00827nam a2200253Ia 4500008004100000020002100041050001600062050001800078100002700096245004200123245003100165245004800196250001600244260001300260260001700273260000900290300001600299300004900315300001100364500002000375650004100395999001900436952011800455180523s9999 xx 000 0 und d a978-007-126427-3 aMAIN GE 105 b.C86 2008 c.1 aCunningham, William P. 0aPrinciples of environmental science : 0binquiry and applications / 0cWilliam P. Cunningham, Mary Ann Cunningham. a4th Edition aBoston : bMcGraw-Hill, c2008 a410 pages : billustrations (some colored). colored maps ; c26 cm. aIncludes index. aEnvironmental sciences -- Textbooks. c356682d356682 001040aSMCbSMCcMAINd2008-05-31l0oMAIN GE 105 .C86 2008 c.1pSMC05143r2018-05-23 00:00:00w2018-05-23yBK